Statistics for Asian Countries With No Letter A In Their Name

Click here to take the quiz!

General Stats

  • This quiz has been taken 72 times
  • The average score is 4 of 6

Answer Stats

Answer% Correct
Yemen
80%
Brunei
77%
Philippines
69%
Turkey
63%
Cyprus
48%
Timor-Leste
17%

Score Distribution

Percentile by Number Answered

Percent of People with Each Score

Your Score History

You have not taken this quiz